Stewart v SoS Environment and Vale Royal DC (Record no. 28863)

MARC details
000 -LEADER
fixed length control field 01267cab a2200229 4500
001 - CONTROL NUMBER
control field ABS44148
008 - FIXED-LENGTH DATA ELEMENTS--GENERAL INFORMATION
fixed length control field 090401t1991 xxu||||| |||| 00| 0 eng d
035 ## - SYSTEM CONTROL NUMBER
System control number (Sirsi) u45547
041 ## - LANGUAGE CODE
Language code of text/sound track or separate title eng
245 ## - TITLE STATEMENT
Title Stewart v SoS Environment and Vale Royal DC
260 ## - PUBLICATION, DISTRIBUTION, ETC.
Date of publication, distribution, etc. 1991
350 ## - PRICE (NR) (BK AM CF MU VM SE) [OBSOLETE]
Price 0
490 ## - SERIES STATEMENT
Series statement Journal of Planning and Environment Law
Volume/sequential designation 1991 JPL 121-131(11)
520 ## - SUMMARY, ETC.
Summary, etc. CA 4 July 1990. The appeal site lay within the North Cheshire Green Belt . Outline planning permission was refused on Green Belt grounds and the desirability of retaining an open field as a wedge between the village and a previous residential development. On appeal the inspector recommended that it should be allowed. This was upheld at HC on the grounds that the SoS`s decision letter was inadequate and unsatisfactory. As a result the Minister re-opened the matter. The decision was upheld by CA who also stated that an inspectors planning appeal should not be used to re-open the debate on the actual line of the Green Belt.
650 ## - SUBJECT ADDED ENTRY--TOPICAL TERM
Topical term or geographic name entry element PEHRSSON
650 ## - SUBJECT ADDED ENTRY--TOPICAL TERM
Topical term or geographic name entry element PLANNING POLICY GUIDANCE NOTE 2
650 ## - SUBJECT ADDED ENTRY--TOPICAL TERM
Topical term or geographic name entry element PLANNING POLICY GUIDANCE NOTE 3
650 ## - SUBJECT ADDED ENTRY--TOPICAL TERM
Topical term or geographic name entry element PLANNING POLICY GUIDANCE NOTE 7
690 ## - LOCAL SUBJECT ADDED ENTRY--TOPICAL TERM (OCLC, RLIN)
Topical term or geographic name as entry element PLANNING LAW AND PRACTICE-CASE LAW
942 ## - ADDED ENTRY ELEMENTS (KOHA)
Suppress in OPAC 0
948 ## - LOCAL PROCESSING INFORMATION (OCLC); SERIES PART DESIGNATOR (RLIN)
c (OCLC) 04/03/1997
Holdings
Withdrawn status Lost status Source of classification or shelving scheme Damaged status Not for loan Home library Current library Shelving location Date acquired Total Checkouts Full call number Barcode Date last seen Copy number Price effective from Koha item type
    Dewey Decimal Classification     London London Journal article 14/09/1999   ABS44148 45547-1001 06/08/2019 1 06/08/2019 Law report